000 00320nam a22001337a 4500
008 181030b xxu||||| |||| 00| 0 eng d
020 _a9780781779685
041 _aeng
080 _a618
100 _a8
101 _aGJIN
245 _aClinical Gynecologic Endocrinology and Infertility
_cFritz, M.A
942 _2udc
_cBK
999 _c51171
_d51171